| 000 | 01145cad a22002055a 4500 | ||
|---|---|---|---|
| 001 | L156855 | ||
| 008 | 120720s2012 xxkad f s 000 0 eng d | ||
| 035 | _a(Sirsi) u156855 | ||
| 041 | 0 | _aeng | |
| 110 | 2 |
_aGVA _95945 |
|
| 245 | 0 | 4 |
_aThe big nine _bquarterly review of the regional office occupier markets Q2 2012 _h[electronic resource] |
| 260 |
_a[S.l.] _bGVA _c2012 |
||
| 490 | 0 |
_aGVA Big Nine Quarterly Review of the Regional Office Occupier Markets _vQ2 2012 |
|
| 520 | _aBusiness confidence has continued to affect activity in Q2 and this is reflected in below average take-up in most of the survey cities. Enquiry levels are holding up in many cases but there is a healthy supply of good space in the market and little pressure on occupiers to commit. Improved activity is anticipated in H2 2012. Covers city centre and out-of-town markets in Birmingham, Bristol, Cardiff, Edinburgh, Glasgow, Leeds, Liverpool , Manchester, and Newcastle. | ||
| 590 | _aNTK KA | ||
| 651 | 4 | _aUnited Kingdom | |
| 690 |
_aCommercial property _96227 |
||
| 856 | 4 | 0 |
_uhttps://www.gva.co.uk/research/offices/ _zView the report at www.gva.co.uk |
| 942 | _n0 | ||
| 999 |
_c114451 _d114451 |
||